Antarctic ccTLDs Quiz Stats

Quiz not verified by Sporcle

Challenge
Share
Tweet
Embed
Score 0/5 Timer 01:00
0 Plays Today
Country ccTLD % Correct
Bouvet Island.bv
87.2%
Heard Island and McDonald Islands.hm
74.5%
South Georgia and the South Sandwich Islands.gs
57.4%
Antarctica.aq
44.7%
French Southern and Antarctic Lands.tf
25.5%

You're not logged in!

Compare scores with friends on all Sporcle quizzes.
Join for Free
OR
Log In

You Might Also Like...

Show Comments

Extras

Top Quizzes Today


Score Distribution

Your Account Isn't Verified!

In order to create a playlist on Sporcle, you need to verify the email address you used during registration. Go to your Sporcle Settings to finish the process.

Report this User

Report this user for behavior that violates our Community Guidelines.

Details: